[Event "Petrov Memorial (blitz) 2015"]
[Site "Jurmala LAT"]
[Date "2015.03.06"]
[Round "3"]
[White "Shomoev, Anton"]
[Black "Gunina, Valentina"]
[Result "0-1"]
[WhiteElo "2578"]
[BlackElo "2528"]
[PlyCount "96"]
[EventDate "2015.03.06"]

1. e4 c6 2. d4 d5 3. Nc3 dxe4 4. Nxe4 Bf5 5. Ng3 Bg6 6. h4 h6 7. Nf3 Nd7 8. h5
Bh7 9. Bd3 Bxd3 10. Qxd3 e6 11. Bd2 Ngf6 12. O-O-O Be7 13. Kb1 Qb6 14. Rhe1 O-O
15. Nf5 exf5 16. Rxe7 Qd8 17. Re2 Ne4 18. Bf4 Ndf6 19. Ne5 Nxh5 20. Bc1 Nhf6
21. g4 c5 22. f3 Qxd4 23. Qxd4 cxd4 24. fxe4 fxg4 25. Rxd4 Rfe8 26. Nd3 h5 27.
e5 Nh7 28. Rd7 b6 29. Rh2 g6 30. Rf2 Rf8 31. Bh6 g3 32. Rg2 h4 33. Rd4 g5 34.
Bxf8 Nxf8 35. Kc1 Ne6 36. Rc4 Kg7 37. Kd2 Rd8 38. Ke3 Kg6 39. a4 Rh8 40. b4 Re8
41. Rg1 Ng7 42. Kf3 Kh5 43. Rc7 Ne6 44. Rxf7 Nd4+ 45. Ke4 Ne2 46. Re1 g2 47.
Kf5 Nd4+ 48. Ke4 Ne2 0-1

[Event "Petrov Memorial (blitz) 2015"]
[Site "Jurmala LAT"]
[Date "2015.03.06"]
[Round "4"]
[White "Gunina, Valentina"]
[Black "Lugovskoy, Maxim"]
[Result "1/2-1/2"]
[WhiteElo "2528"]
[BlackElo "2435"]
[PlyCount "84"]
[EventDate "2015.03.06"]

1. d4 d5 2. c4 e6 3. Nc3 Nf6 4. Nf3 Be7 5. Bg5 O-O 6. e3 h6 7. Bh4 Ne4 8. Bxe7
Qxe7 9. Rc1 c6 10. Qc2 Nd7 11. Bd3 Nxc3 12. bxc3 dxc4 13. Bxc4 e5 14. O-O e4
15. Nd2 Nf6 16. Rb1 b6 17. a4 Be6 18. Bxe6 Qxe6 19. a5 bxa5 20. Qa4 Nd5 21.
Qxa5 Nb6 22. Rb4 f5 23. Re1 Kh7 24. c4 Qf6 25. g3 Qg6 26. Qa6 Qe6 27. c5 Nd5
28. Rb7 Qg6 29. Kh1 Rab8 30. Nc4 Rxb7 31. Qxb7 Rf7 32. Qb8 Qh5 33. Ne5 Re7 34.
Qd6 Rb7 35. Qxc6 Rb2 36. Qxd5 Qh3 37. Qe6 Rxf2 38. Qg6+ Kg8 39. Qf7+ Kh7 40.
Qg6+ Kg8 41. Qe6+ Kh7 42. Qg6+ Kg8 1/2-1/2

[Event "Petrov Memorial (blitz) 2015"]
[Site "Jurmala LAT"]
[Date "2015.03.06"]
[Round "5"]
[White "Kovalev, Andrei"]
[Black "Gunina, Valentina"]
[Result "0-1"]
[WhiteElo "2484"]
[BlackElo "2528"]
[PlyCount "152"]
[EventDate "2015.03.06"]

1. e4 c6 2. d4 d5 3. Nd2 dxe4 4. Nxe4 Bf5 5. Ng3 Bg6 6. h4 h6 7. Nf3 Nd7 8. h5
Bh7 9. Bd3 Bxd3 10. Qxd3 e6 11. Bd2 Ngf6 12. O-O-O Be7 13. Kb1 Qb6 14. c4 O-O
15. Qe2 Rad8 16. Bc1 Rfe8 17. Ne5 c5 18. Be3 cxd4 19. Bxd4 Bc5 20. Nxd7 Nxd7
21. Bc3 Bb4 22. Bd4 Bc5 23. Bc3 Bb4 24. Bd4 Qc6 25. Qg4 e5 26. Nf5 Bf8 27. Be3
Kh8 28. f3 e4 29. Bd4 f6 30. Rhe1 Qxc4 31. Rxe4 Rxe4 32. Qxe4 Nc5 33. Qc2 Qd5
34. Ne3 Qxh5 35. g4 Qe8 36. Bxc5 Rc8 37. Qe4 Qxe4+ 38. fxe4 Bxc5 39. Nf5 Rc7
40. Rc1 Kg8 41. b4 Bb6 42. Rd1 g6 43. Nxh6+ Kg7 44. g5 fxg5 45. Ng4 Kf7 46. a3
Ke6 47. Rd5 Rc4 48. Rxg5 Rxe4 49. Rxg6+ Kf5 50. Rg7 Rxg4 51. Rxb7 Rg2 52. a4
Ke4 53. a5 Bd4 54. b5 Kd3 55. b6 axb6 56. axb6 Rg1+ 57. Ka2 Ra1+ 58. Kb3 Rb1+
59. Ka2 Rb5 60. Rc7 Rxb6 61. Ka3 Bc3 62. Ka4 Rb4+ 63. Ka3 Rb5 64. Ka4 Rb1 65.
Rh7 Bd4 66. Rc7 Rb8 67. Rc6 Bc3 68. Rc7 Kc2 69. Rc4 Kb2 70. Rh4 Kc2 71. Rh2+
Kd3 72. Rh4 Rb7 73. Rg4 Bd4 74. Rg8 Kc4 75. Rc8+ Bc5 76. Ra8 Rb1 0-1

[Event "Petrov Memorial (blitz) 2015"]
[Site "Jurmala LAT"]
[Date "2015.03.06"]
[Round "7"]
[White "Gunina, Valentina"]
[Black "Chigaev, Maksim"]
[Result "0-1"]
[WhiteElo "2528"]
[BlackElo "2497"]
[PlyCount "65"]
[EventDate "2015.03.06"]

1. d4 d6 2. Nf3 g6 3. g3 Bg7 4. Bg2 f5 5. O-O Nf6 6. b3 O-O 7. Bb2 c6 8. c4 Kh8
9. Qc2 Na6 10. Nbd2 Nc7 11. Rae1 d5 12. Ne5 Ne4 13. Ndf3 Be6 14. Bc1 Bg8 15.
Nh4 Qe8 16. f3 Nf6 17. cxd5 Nb5 18. a4 Nd6 19. dxc6 bxc6 20. b4 a5 21. bxa5
Rxa5 22. e4 fxe4 23. fxe4 Ra8 24. Nxc6 Rc8 25. e5 Nd5 26. Rxf8 Bxf8 27. exd6
Rxc6 28. Qe4 Rxd6 29. Qe5+ Bg7 30. Qxd6 Qxa4 31. Qd8 Bxd4+ 32. Kh1 Bb6 33. Bb2+
0-1

[Event "Petrov Memorial (blitz) 2015"]
[Site "Jurmala LAT"]
[Date "2015.03.06"]
[Round "8"]
[White "Gunina, Valentina"]
[Black "Gleizerov, Evgeny"]
[Result "1-0"]
[WhiteElo "2528"]
[BlackElo "2531"]
[PlyCount "52"]
[EventDate "2015.03.06"]

1. d4 e6 2. c4 f5 3. g3 Nf6 4. Bg2 d5 5. Nf3 Be7 6. O-O O-O 7. b3 b6 8. Ne5 Bb7
9. Ba3 Bxa3 10. Nxa3 Qe7 11. Nb5 c6 12. Nc3 Nbd7 13. Nxd7 Qxd7 14. Rc1 Rac8 15.
c5 bxc5 16. Na4 cxd4 17. Qxd4 a5 18. Nb6 Qc7 19. Nxc8 Rxc8 20. f4 c5 21. Qe3
Ne4 22. Bxe4 fxe4 23. f5 d4 24. Qg5 e3 25. f6 Bd5 26. Rxc5 Qd8 1-0

[Event "Petrov Memorial (blitz) 2015"]
[Site "Jurmala LAT"]
[Date "2015.03.06"]
[Round "9"]
[White "Ehlvest, Jaan"]
[Black "Gunina, Valentina"]
[Result "0-1"]
[WhiteElo "2547"]
[BlackElo "2528"]
[PlyCount "66"]
[EventDate "2015.03.06"]

1. c4 c6 2. d4 d5 3. Nc3 Nf6 4. e3 e6 5. Nf3 Nbd7 6. Qc2 Be7 7. b3 O-O 8. Bb2
b6 9. Be2 Bb7 10. O-O c5 11. cxd5 cxd4 12. Nxd4 exd5 13. Nf5 Rc8 14. Rac1 Bb4
15. Qb1 Re8 16. Rfd1 Ne5 17. Bb5 Re6 18. Nd4 Re7 19. h3 Rec7 20. Nce2 Ne4 21.
Rxc7 Rxc7 22. Ne6 Qf6 23. N6f4 Qg5 24. Nd4 Bc3 25. Rc1 Bxd4 26. Rxc7 Nf3+ 27.
Kf1 Nfd2+ 28. Ke2 Nxb1 29. Bxd4 Nd6 30. Bd3 Na3 31. Rd7 Nab5 32. Bb2 Bc6 33.
Bxb5 Bxb5+ 0-1

[Event "Petrov Memorial (blitz) 2015"]
[Site "Jurmala LAT"]
[Date "2015.03.06"]
[Round "10"]
[White "Gunina, Valentina"]
[Black "Fridman, Daniel"]
[Result "1/2-1/2"]
[WhiteElo "2528"]
[BlackElo "2647"]
[PlyCount "120"]
[EventDate "2015.03.06"]

1. d4 Nf6 2. c4 e6 3. Nf3 d5 4. Nc3 c6 5. e3 Nbd7 6. Qc2 Bd6 7. Be2 O-O 8. O-O
dxc4 9. Bxc4 b5 10. Bd3 Bb7 11. e4 e5 12. Ne2 Re8 13. Bg5 Qc7 14. dxe5 Nxe5 15.
Nxe5 Rxe5 16. Bxf6 gxf6 17. f4 Ree8 18. Kh1 Kh8 19. Qc3 Re6 20. Nd4 Ree8 21.
Nf5 Be7 22. e5 b4 23. Qb3 Bf8 24. Bc4 Bc8 25. Ng3 fxe5 26. Bxf7 Re7 27. fxe5
Qxe5 28. Bc4 Bg7 29. Qf3 Bd7 30. Rad1 Rf8 31. Qd3 Rxf1+ 32. Rxf1 c5 33. Qf3 Be8
34. Nf5 Rd7 35. Qa8 Bf6 36. Ng3 Kg7 37. Qf3 Bg6 38. Qc6 Re7 39. b3 Bh4 40. Qc8
Re8 41. Qd7+ Re7 42. Qd8 Bf6 43. Qc8 Re8 44. Qg4 Kh8 45. Qf3 Bg7 46. Qc6 Rf8
47. Rd1 Qe3 48. Qd6 Qe5 49. Qc6 Bc2 50. Rf1 Rxf1+ 51. Bxf1 Qe7 52. Be2 Bg6 53.
Qc8+ Qf8 54. Qd7 Bd4 55. Bc4 Qf2 56. Qd8+ Kg7 57. Qe7+ Kh8 58. Qd8+ Kg7 59.
Qe7+ Kh8 60. Qd8+ Kg7 1/2-1/2

[Event "World Championship (tie-breaks)  2015"]
[Site "Sochi RUS"]
[Date "2015.03.19"]
[Round "1"]
[White "Zhao, Xue"]
[Black "Zuriel, Marisa"]
[Result "1-0"]
[WhiteElo "2527"]
[BlackElo "2219"]
[PlyCount "82"]
[EventDate "2015.03.17"]

1. d4 Nf6 2. c4 g6 3. Nc3 Bg7 4. e4 d6 5. Be2 O-O 6. Be3 e5 7. d5 Nbd7 8. Nf3
Ng4 9. Bd2 a5 10. h3 Ngf6 11. Be3 Ne8 12. g4 Nc5 13. Rg1 f5 14. gxf5 gxf5 15.
Ng5 Nxe4 16. Ncxe4 fxe4 17. Bg4 Kh8 18. Be6 Qe7 19. Qh5 Nf6 20. Qh4 Bxe6 21.
Nxh7 Nxh7 22. Qxe7 Bf7 23. O-O-O Bf6 24. Qd7 Bh5 25. Rde1 b5 26. Bh6 Rf7 27.
Qxb5 Bh4 28. Be3 a4 29. Qc6 Raf8 30. Qxa4 Nf6 31. Qc2 Bf3 32. Rg6 Rh7 33. Reg1
Ng8 34. Qb3 Rhf7 35. a4 Bh5 36. Rxg8+ Rxg8 37. Rxg8+ Kxg8 38. Qc2 Rg7 39. Qxe4
Rg1+ 40. Kd2 Bf6 41. Qf5 Kg7 1-0

[Event "World Championship (tie-breaks)  2015"]
[Site "Sochi RUS"]
[Date "2015.03.19"]
[Round "1"]
[White "Yuan, Yuanling"]
[Black "Muzychuk, Mariya"]
[Result "0-1"]
[WhiteElo "2257"]
[BlackElo "2526"]
[PlyCount "82"]
[EventDate "2015.03.17"]

1. e4 c5 2. Nf3 e6 3. d4 cxd4 4. Nxd4 a6 5. Bd3 Qc7 6. O-O Nf6 7. Nc3 Nc6 8.
Nb3 Be7 9. f4 d6 10. Be3 O-O 11. Qf3 Rb8 12. a4 b6 13. Qg3 Bb7 14. Rae1 e5 15.
f5 Kh8 16. Nd2 Nb4 17. Kh1 Bc6 18. Bg1 b5 19. axb5 axb5 20. Ra1 Nxd3 21. cxd3
Ra8 22. Qe3 b4 23. Ne2 d5 24. Rfc1 Qb7 25. Ng3 Rfc8 26. h3 d4 27. Qe2 Bb5 28.
Rxa8 Qxa8 29. Nb3 Rxc1 30. Nxc1 Qc6 31. Qd2 Nd7 32. Nge2 h6 33. Nb3 Ba4 34.
Nbxd4 exd4 35. Nxd4 Qd6 36. b3 Bc6 37. Qc2 Ne5 38. Qa2 Nxd3 39. Qa7 Bxe4 40.
Nb5 Qe5 41. Bd4 Qg3 0-1

[Event "World Championship (Knockout) 2015"]
[Site "Sochi RUS"]
[Date "2015.03.20"]
[Round "3"]
[White "Lei, Tingjie"]
[Black "Koneru, Humpy"]
[Result "0-1"]
[WhiteElo "2444"]
[BlackElo "2581"]
[PlyCount "131"]
[EventDate "2015.03.17"]

1. d4 Nf6 2. c4 e6 3. g3 d5 4. Nf3 Be7 5. Bg2 O-O 6. Nc3 c6 7. O-O Nbd7 8. Qd3
b6 9. e4 dxe4 10. Nxe4 Bb7 11. Bf4 c5 12. Nd6 Bc6 13. Rad1 cxd4 14. Nxd4 Bxg2
15. Kxg2 Qc7 16. N4b5 Qc6+ 17. Qf3 Qxf3+ 18. Kxf3 a6 19. Nc3 Rfd8 20. Ke2 h6
21. Rd2 g5 22. Be3 Ne5 23. Rfd1 Rxd6 24. Rxd6 Bxd6 25. Rxd6 Nxc4 26. Rc6 Nxe3
27. fxe3 b5 28. b3 Kf8 29. Kf3 Ke8 30. a4 bxa4 31. Nxa4 a5 32. Nc5 Rb8 33. Rc7
g4+ 34. Ke2 Nd5 35. Rb7 Rc8 36. Ne4 Rc6 37. Kd3 f5 38. Nd2 Nb4+ 39. Ke2 Rc3 40.
e4 Nc6 41. exf5 Nd4+ 42. Kf2 exf5 43. Ra7 Rd3 44. Ke1 Re3+ 45. Kd1 Nf3 46. Nc4
Re1+ 47. Kc2 f4 48. Nd6+ Kd8 49. Nf7+ Kc8 50. Nxh6 Re2+ 51. Kc3 Nxh2 52. gxf4
g3 53. Rg7 g2 54. Kd3 Rb2 55. Ke4 Re2+ 56. Kd3 Rb2 57. Ke4 Nf1 58. f5 Nd2+ 59.
Kf4 Nxb3 60. f6 Rf2+ 61. Ke5 Nc5 62. f7 Nd7+ 63. Ke4 a4 64. Nf5 a3 65. Ne7+ Kb7
66. f8=Q 0-1

[Event "World Championship (Knockout) 2015"]
[Site "Sochi RUS"]
[Date "2015.03.20"]
[Round "3"]
[White "Ju, Wenjun"]
[Black "Pogonina, Natalija"]
[Result "1/2-1/2"]
[WhiteElo "2557"]
[BlackElo "2456"]
[PlyCount "52"]
[EventDate "2015.03.17"]

1. c4 e6 2. Nc3 d5 3. d4 Nf6 4. Bf4 Be7 5. e3 O-O 6. a3 b6 7. Nb5 Na6 8. Nf3
Bb7 9. Rc1 c6 10. Nc3 c5 11. cxd5 Nxd5 12. Nxd5 exd5 13. dxc5 Nxc5 14. Be5 Bf6
15. Bd4 Ne6 16. Be2 Nxd4 17. Nxd4 Rc8 18. O-O Rxc1 19. Qxc1 Qe7 20. Qd2 Rc8 21.
Rd1 g6 22. h3 Be5 23. Bg4 Rc4 24. Be2 Rc8 25. Bg4 Rc4 26. Be2 Rc8 1/2-1/2

[Event "World Championship (Knockout) 2015"]
[Site "Sochi RUS"]
[Date "2015.03.20"]
[Round "3"]
[White "Goryachkina, Aleksandra"]
[Black "Muzychuk, Anna"]
[Result "1/2-1/2"]
[WhiteElo "2456"]
[BlackElo "2552"]
[PlyCount "69"]
[EventDate "2015.03.17"]

1. d4 Nf6 2. c4 e6 3. Nf3 b6 4. g3 Ba6 5. Qb3 Nc6 6. Nbd2 d5 7. Bg2 Bd6 8. Qa4
Bb7 9. cxd5 exd5 10. Nc4 dxc4 11. Ne5 Bb4+ 12. Kf1 O-O 13. Nxc6 Qe8 14. Qxb4
Bxc6 15. Qxc4 Bb5 16. Qc2 Rd8 17. a4 Ba6 18. b4 Rxd4 19. b5 Qe6 20. Bb2 Rc4 21.
Qd3 Bc8 22. h4 Ne4 23. Bf3 Bb7 24. Rc1 Rxc1+ 25. Bxc1 Nc5 26. Qc2 Bxf3 27. exf3
Qg6 28. Qxg6 fxg6 29. Ba3 Rxf3 30. Bxc5 bxc5 31. Ke2 Ra3 32. Rc1 Rxa4 33. Rxc5
a6 34. bxa6 Rxa6 35. Rxc7 1/2-1/2

[Event "World Championship (Knockout) 2015"]
[Site "Sochi RUS"]
[Date "2015.03.20"]
[Round "3"]
[White "Cmilyte, Viktorija"]
[Black "Kovalevskaya, Ekaterina"]
[Result "1-0"]
[WhiteElo "2530"]
[BlackElo "2438"]
[PlyCount "49"]
[EventDate "2015.03.17"]

1. d4 d5 2. c4 e6 3. Nf3 Nf6 4. Bg5 dxc4 5. Nc3 a6 6. e4 b5 7. e5 h6 8. Bh4 g5
9. Nxg5 hxg5 10. Bxg5 Nbd7 11. Be2 Bb7 12. Bf3 c6 13. exf6 Qc7 14. g3 O-O-O 15.
Qe2 Bh6 16. h4 c5 17. Bxh6 Rxh6 18. O-O-O cxd4 19. Rxd4 Bxf3 20. Qxf3 Rxf6 21.
Qa8+ Nb8 22. Rxd8+ Kxd8 23. Rd1+ Ke7 24. Qe4 Rf5 25. Qxf5 1-0

[Event "World Championship (Knockout) 2015"]
[Site "Sochi RUS"]
[Date "2015.03.20"]
[Round "3"]
[White "Shen, Yang"]
[Black "Kosteniuk, Alexandra"]
[Result "0-1"]
[WhiteElo "2459"]
[BlackElo "2529"]
[PlyCount "82"]
[EventDate "2015.03.17"]

1. d4 Nf6 2. c4 e6 3. Nf3 d5 4. cxd5 exd5 5. Nc3 c6 6. Qc2 g6 7. Bg5 Be7 8. e3
Bf5 9. Bd3 Bxd3 10. Qxd3 Nbd7 11. Bh6 Ng4 12. Bf4 f5 13. h3 Ngf6 14. Ng5 Nf8
15. g4 Ne4 16. Be5 Rg8 17. Nf3 Bb4 18. Nd2 Ne6 19. Ncxe4 fxe4 20. Qb3 Qe7 21.
h4 O-O-O 22. O-O-O Rgf8 23. Rdf1 Nc5 24. dxc5 Bxd2+ 25. Kxd2 Qxe5 26. Kc1 d4
27. exd4 Rxd4 28. Kb1 Rd2 29. h5 g5 30. h6 Kb8 31. Rd1 Rdxf2 32. Rhe1 Kc8 33.
a3 Re8 34. Qb4 e3 35. Qd4 Qxd4 36. Rxd4 Rf4 37. Rd3 e2 38. Kc2 Rxg4 39. Kd2
Rge4 40. Rg3 Rd8+ 41. Kc2 Rd5 0-1

[Event "World Championship (Knockout) 2015"]
[Site "Sochi RUS"]
[Date "2015.03.20"]
[Round "3"]
[White "Melia, Salome"]
[Black "Zhao, Xue"]
[Result "1/2-1/2"]
[WhiteElo "2459"]
[BlackElo "2527"]
[PlyCount "94"]
[EventDate "2015.03.17"]

1. e4 e5 2. Nf3 Nc6 3. Bb5 Nf6 4. O-O Nxe4 5. Re1 Nd6 6. Nxe5 Be7 7. Bf1 O-O 8.
d4 Nf5 9. Nf3 d5 10. c3 Bd6 11. Nbd2 Qf6 12. Bd3 Be6 13. Nf1 h6 14. Ng3 Nxg3
15. fxg3 Bf5 16. Qc2 Ne7 17. Nh4 Bxd3 18. Qxd3 g5 19. Rf1 Qe6 20. Nf5 Nxf5 21.
Rxf5 Rfe8 22. Bd2 Qe2 23. Qc2 Qe4 24. Qxe4 dxe4 25. Be3 Be7 26. Raf1 f6 27. d5
Rad8 28. Bd4 Rd7 29. g4 Bd8 30. Bxf6 Bxf6 31. Rxf6 Kg7 32. R6f5 e3 33. Re1 Re4
34. h3 c6 35. Rf3 Rxd5 36. Rfxe3 Rxe3 37. Rxe3 Kf6 38. Kf2 Rd2+ 39. Re2 Rd3 40.
Ke1 Rd5 41. Re4 Re5 42. Re2 b5 43. Kd2 Rxe2+ 44. Kxe2 Ke5 45. Ke3 c5 46. b3 c4
47. b4 a6 1/2-1/2

[Event "World Championship (Knockout) 2015"]
[Site "Sochi RUS"]
[Date "2015.03.20"]
[Round "3"]
[White "Muzychuk, Mariya"]
[Black "Socko, Monika"]
[Result "1/2-1/2"]
[WhiteElo "2526"]
[BlackElo "2463"]
[PlyCount "82"]
[EventDate "2015.03.17"]

1. e4 e6 2. d4 d5 3. Nc3 Nf6 4. Bg5 dxe4 5. Nxe4 Be7 6. Bxf6 gxf6 7. Nf3 f5 8.
Nc3 a6 9. g3 b5 10. Bg2 Bb7 11. O-O c5 12. dxc5 Bxc5 13. Qxd8+ Kxd8 14. Ne5
Bxg2 15. Kxg2 Ke7 16. Rad1 Ra7 17. a4 b4 18. Ne2 Rc8 19. b3 Nd7 20. Nc4 Nb6 21.
Na5 Rac7 22. Rd2 Kf6 23. Nf4 Bf8 24. Rc1 Bh6 25. Rd6 Bxf4 26. gxf4 Nd5 27. Nc4
a5 28. Ra6 Rxc4 29. bxc4 Rxc4 30. Rxa5 b3 31. Rb5 bxc2 32. Rb2 Nxf4+ 33. Kf1
Nd3 34. Rbxc2 Rxa4 35. Rd1 Ne5 36. Rb1 Rh4 37. Kg2 Rg4+ 38. Kh1 f4 39. h3 Rg5
40. Rg1 Rh5 41. Rc3 Ng6 1/2-1/2

[Event "World Championship (Knockout) 2015"]
[Site "Sochi RUS"]
[Date "2015.03.20"]
[Round "3"]
[White "Gaponenko, Inna"]
[Black "Stefanova, Antoaneta"]
[Result "1/2-1/2"]
[WhiteElo "2384"]
[BlackElo "2522"]
[PlyCount "84"]
[EventDate "2015.03.17"]

1. e4 d6 2. d4 Nf6 3. Nc3 e5 4. dxe5 dxe5 5. Qxd8+ Kxd8 6. Bg5 c6 7. Bc4 Ke8 8.
Nf3 Nbd7 9. O-O-O Bc5 10. Bh4 b5 11. Nxb5 cxb5 12. Bxb5 Rb8 13. Bc6 Ke7 14.
Bxd7 Bxd7 15. Nxe5 Bb5 16. Nd3 Bxd3 17. e5 Bc4 18. exf6+ gxf6 19. Rhe1+ Kf8 20.
Bxf6 Rg8 21. Bd4 Bxd4 22. Rxd4 Bxa2 23. b3 Rxg2 24. Rf4 Bxb3 25. cxb3 Rxb3 26.
Rd1 Rb7 27. h4 Rg6 28. Rd8+ Kg7 29. Kd2 Re6 30. Rg4+ Kh6 31. Rf4 a5 32. Rd5 Ra7
33. Ra4 Rea6 34. Ke3 Kg6 35. Rg5+ Kf6 36. Kf4 h6 37. Rb5 Kg6 38. Kg4 Kg7 39.
Kh5 Rg6 40. f4 Rd7 41. Raxa5 Rd4 42. Rf5 Rd7 1/2-1/2

[Event "World Championship (Knockout) 2015"]
[Site "Sochi RUS"]
[Date "2015.03.20"]
[Round "3"]
[White "Khotenashvili, Bela"]
[Black "Huang, Qian"]
[Result "1/2-1/2"]
[WhiteElo "2513"]
[BlackElo "2473"]
[PlyCount "66"]
[EventDate "2015.03.17"]

1. d4 d5 2. c4 c6 3. Nf3 Nf6 4. Nc3 g6 5. Bg5 Ne4 6. Bf4 Bg7 7. e3 Nxc3 8. bxc3
O-O 9. Qb3 Qa5 10. cxd5 cxd5 11. Be2 Nd7 12. O-O Nb6 13. Bg5 f6 14. Bf4 Be6 15.
e4 Bf7 16. e5 Rac8 17. exf6 Bxf6 18. Rfc1 Qa4 19. Ne5 Qxb3 20. axb3 a6 21. Bg4
e6 22. Bf3 Rfd8 23. g3 Nd7 24. Ng4 Bg7 25. h4 h5 26. Nh6+ Kf8 27. Ra2 Bf6 28.
Nxf7 Kxf7 29. c4 Bxd4 30. cxd5 e5 31. Rxc8 Rxc8 32. Bg5 Rc3 33. Kg2 Rxb3
1/2-1/2

[Event "World Championship (tie-breaks)  2015"]
[Site "Sochi RUS"]
[Date "2015.03.22"]
[Round "2"]
[White "Muzychuk, Mariya"]
[Black "Socko, Monika"]
[Result "1-0"]
[WhiteElo "2526"]
[BlackElo "2463"]
[PlyCount "147"]
[EventDate "2015.03.17"]

1. e4 e6 2. d4 d5 3. Nc3 Nf6 4. Bg5 dxe4 5. Nxe4 Be7 6. Bxf6 gxf6 7. Qd2 f5 8.
Nc3 a6 9. g3 c5 10. d5 b5 11. Bg2 Bb7 12. O-O-O b4 13. Na4 Qd6 14. f4 Ra7 15.
dxe6 Qxd2+ 16. Rxd2 fxe6 17. Bxb7 Rxb7 18. Nf3 Nc6 19. Re1 Kf7 20. Ng5+ Bxg5
21. fxg5 c4 22. Rd6 Nd8 23. Nc5 Re7 24. Rxa6 Rg8 25. Rd6 Rc7 26. Na6 Rc6 27.
Rd7+ Ke8 28. Red1 Nf7 29. Nxb4 Rb6 30. a3 Rxg5 31. Rc7 Rd6 32. Rxd6 Nxd6 33.
Rxh7 e5 34. Nd5 Nf7 35. a4 Rg6 36. a5 Kf8 37. Rh4 Ra6 38. Rxc4 Rxa5 39. Ne3 Nd6
40. Rc6 Ne4 41. b4 Rb5 42. Nxf5 Rxb4 43. Nd6 Ng5 44. Rc4 Rb6 45. Ne4 Nf3 46. h4
Nd4 47. Rc5 Nf3 48. Nd2 Rf6 49. Nxf3 Rxf3 50. Rxe5 Rxg3 51. Kb2 Kf7 52. c3 Kf6
53. Rd5 Ke6 54. Ra5 Rh3 55. h5 Kd7 56. Kb3 Kc7 57. Kb4 Rh1 58. Rg5 Kc6 59. Rg6+
Kd5 60. c4+ Kd4 61. Rd6+ Ke5 62. Rd5+ Ke6 63. Kc5 Rh4 64. Rd6+ Ke7 65. Rh6 Kd7
66. Rh7+ Ke6 67. Kb5 Rh1 68. Kc6 Ke5 69. c5 Kd4 70. Kd6 Kc4 71. c6 Rd1+ 72. Ke7
Kb5 73. c7 Rc1 74. Kd8 1-0

[Event "World Championship (tie-breaks)  2015"]
[Site "Sochi RUS"]
[Date "2015.03.22"]
[Round "2"]
[White "Khotenashvili, Bela"]
[Black "Huang, Qian"]
[Result "1/2-1/2"]
[WhiteElo "2513"]
[BlackElo "2473"]
[PlyCount "66"]
[EventDate "2015.03.17"]

1. d4 d5 2. c4 c6 3. Nf3 Nf6 4. Nc3 g6 5. e3 Bg7 6. Be2 O-O 7. O-O Be6 8. cxd5
cxd5 9. Qb3 Qb6 10. Qa3 Nc6 11. Na4 Qc7 12. Bd2 Ne4 13. Rfc1 Nxd2 14. Nxd2 Qd6
15. Qxd6 exd6 16. a3 Rfc8 17. b4 Bf6 18. Nb3 Bd8 19. Rc3 Ne7 20. Rac1 Rxc3 21.
Nxc3 a6 22. Kf1 g5 23. Ke1 Kg7 24. Kd2 f5 25. h4 h6 26. hxg5 hxg5 27. g3 Ng8
28. Bd3 Nf6 29. f3 Bb6 30. Na4 Bd8 31. Nc3 Bb6 32. Na4 Bd8 33. Nc3 Bb6 1/2-1/2

[Event "World Championship (tie-breaks)  2015"]
[Site "Sochi RUS"]
[Date "2015.03.22"]
[Round "2"]
[White "Krush, Irina"]
[Black "Harika, Dronavalli"]
[Result "0-1"]
[WhiteElo "2477"]
[BlackElo "2492"]
[PlyCount "140"]
[EventDate "2015.03.17"]

1. c4 Nf6 2. Nf3 e6 3. g3 d5 4. Bg2 Be7 5. O-O O-O 6. b3 c5 7. Bb2 d4 8. b4 a5
9. bxc5 Nc6 10. d3 e5 11. Nbd2 Bxc5 12. Ng5 Be7 13. Qc2 Nd7 14. Ngf3 Nc5 15.
Nb3 Na6 16. Qc1 Be6 17. Ba3 h6 18. Bxe7 Qxe7 19. Rb1 Rfc8 20. Qb2 Rab8 21. Nbd2
b6 22. Nb3 b5 23. Qd2 bxc4 24. dxc4 Bxc4 25. Rfc1 Bxb3 26. Rxb3 Ncb4 27. a3 Nc5
28. Rbb1 Ne4 29. Qb2 Rxc1+ 30. Rxc1 Nc6 31. Qc2 Nc3 32. Ra1 e4 33. Nd2 e3 34.
Bxc6 exd2 35. Qxd2 Qxe2 36. Qf4 Rd8 37. Bf3 Qb2 38. Re1 Qb8 39. Qf5 Qc7 40. Be4
Nxe4 41. Qxe4 d3 42. Rd1 Qd6 43. a4 d2 44. Qf5 Qb4 45. Qc2 g6 46. h3 h5 47. h4
Rd4 48. Kg2 Kg7 49. Kg1 Kh7 50. Kg2 Qd6 51. Kg1 Qd7 52. Kg2 Kg7 53. Qc3 Qd5+
54. Kg1 Kh7 55. Qc2 Rd3 56. Kh2 Qd4 57. Kg2 Qe4+ 58. Kf1 Qh1+ 59. Ke2 Qf3+ 60.
Kf1 Rd4 61. Kg1 Qe2 62. Kg2 Rd7 63. Kg1 Rd3 64. Kg2 Rf3 65. Rf1 Rf5 66. Qb3
Qe4+ 67. Kg1 Qe2 68. Qc2 Qe1 69. Kg2 Rd5 70. Qb3 Qxf1+ 0-1

[Event "World Championship (tie-breaks)  2015"]
[Site "Sochi RUS"]
[Date "2015.03.22"]
[Round "2"]
[White "Socko, Monika"]
[Black "Muzychuk, Mariya"]
[Result "0-1"]
[WhiteElo "2463"]
[BlackElo "2526"]
[PlyCount "96"]
[EventDate "2015.03.17"]

1. d4 Nf6 2. c4 e6 3. Nf3 d5 4. Nc3 c6 5. e3 Nbd7 6. Bd3 dxc4 7. Bxc4 b5 8. Bd3
a6 9. O-O c5 10. Qc2 Bb7 11. Rd1 Bxf3 12. gxf3 cxd4 13. exd4 Be7 14. a4 b4 15.
Ne4 O-O 16. a5 Nd5 17. Qe2 Qc8 18. Bd2 Qb7 19. Kh1 N7f6 20. f4 Rfd8 21. Rg1 Nc7
22. Qf3 Rab8 23. Nxf6+ Bxf6 24. Be4 Nd5 25. f5 exf5 26. Qxf5 g6 27. Rg2 Qd7 28.
Qf3 Kg7 29. Rc1 Rb5 30. Rc5 Bxd4 31. Rxb5 Qxb5 32. Rg1 Nf6 33. Bg5 Qxa5 34. Qh3
Nxe4 35. Qh6+ Kg8 36. Bxd8 Nxf2+ 37. Kg2 Qd5+ 38. Kf1 Qxd8 39. Rg3 Qf6 40. Kg2
Ne4 41. Rf3 Qg5+ 42. Qxg5 Nxg5 43. Rb3 a5 44. Kg3 Kg7 45. Kf4 Ne6+ 46. Kg4 h5+
47. Kh4 Nc5 48. Rf3 Bxb2 0-1

[Event "World Championship (tie-breaks)  2015"]
[Site "Sochi RUS"]
[Date "2015.03.22"]
[Round "2"]
[White "Huang, Qian"]
[Black "Khotenashvili, Bela"]
[Result "1/2-1/2"]
[WhiteElo "2473"]
[BlackElo "2513"]
[PlyCount "89"]
[EventDate "2015.03.17"]

1. Nf3 Nf6 2. g3 d5 3. Bg2 e6 4. O-O Be7 5. c4 O-O 6. b3 b6 7. Bb2 Bb7 8. cxd5
exd5 9. d4 Nbd7 10. Nc3 a6 11. Rc1 Bd6 12. Nh4 g6 13. Nf3 Qe7 14. Nd2 c5 15.
dxc5 Nxc5 16. Nf3 Ne6 17. Nd4 Rad8 18. e3 Ng7 19. Qe2 Ba3 20. Rfd1 Bxb2 21.
Qxb2 h5 22. Nce2 Qd6 23. Nf3 Rc8 24. Nf4 Rxc1 25. Rxc1 Rc8 26. Rd1 Rd8 27. h4
Nf5 28. Ne5 Qe7 29. Nf3 Ne4 30. Qe5 Qxe5 31. Nxe5 d4 32. exd4 Nxd4 33. Rc1 Nb5
34. a4 Nbd6 35. Rc7 Ba8 36. Nc6 Bxc6 37. Rxc6 b5 38. Rxa6 Nc5 39. Rc6 Nxb3 40.
axb5 Nd4 41. Rb6 N4xb5 42. Bc6 Nc7 43. Rb1 Kg7 44. Ra1 Ne6 45. Nxe6+ 1/2-1/2

[Event "World Championship (tie-breaks)  2015"]
[Site "Sochi RUS"]
[Date "2015.03.22"]
[Round "2"]
[White "Harika, Dronavalli"]
[Black "Krush, Irina"]
[Result "1/2-1/2"]
[WhiteElo "2492"]
[BlackElo "2477"]
[PlyCount "116"]
[EventDate "2015.03.17"]

1. Nf3 c5 2. c4 Nc6 3. Nc3 g6 4. e3 Nf6 5. d4 cxd4 6. exd4 d5 7. cxd5 Nxd5 8.
Qb3 Nxc3 9. Bc4 Nd5 10. Bxd5 e6 11. Bxc6+ bxc6 12. O-O Qd5 13. Bg5 Bd6 14. Bf6
O-O 15. Qe3 Qf5 16. Be5 Be7 17. Rac1 f6 18. Bg3 Bd7 19. Nd2 Qd5 20. Nb3 Rad8
21. Rfe1 Kf7 22. Qc3 h5 23. h4 g5 24. hxg5 Qxg5 25. Qe3 Qg4 26. Qe4 Rg8 27. Bc7
Rc8 28. Bh2 Qxe4 29. Rxe4 c5 30. Rh4 cxd4 31. Rxc8 Bxc8 32. Rxd4 e5 33. Rc4 Bb7
34. Bg3 Bd5 35. Ra4 a6 36. Nd2 f5 37. Ra5 Ke6 38. Rxa6+ Bd6 39. Nb3 Kd7 40.
Ra7+ Kc6 41. Ra6+ Kc7 42. Nd4 Rxg3 43. Nb5+ Kb7 44. Nxd6+ Kxa6 45. fxg3 Bxa2
46. Nxf5 Kb5 47. Kf2 Kc4 48. Ke3 Bb1 49. Nh4 Kb3 50. Nf3 Kxb2 51. Nxe5 Kc3 52.
Kf4 Kd4 53. Nf3+ Kd3 54. Kg5 Ke2 55. Kxh5 Kf2 56. Kg5 Kxg3 57. Ne5 Be4 58. Nf7
Bxg2 1/2-1/2